000 00682nam a2200289Ia 4500
005 20260324112239.0
008 008 260324s9999 xx 000 0 eng d
020 _a9781003224662
037 _aEBOOK
040 _aCRL
040 _beng
040 _cCRL
041 _2eng
041 _aeng
084 _qCRL
100 _aDana Arnold
_9874843
245 0 _aWomen and Architectural History
245 4 _bThe Monstrous Regiment Then and Now
260 _bTaylor and Francis
260 _c2024
365 _a
365 _b230
856 _uhttp://www.taylorfrancis.com/books/9781003224662
942 _cEBOOK
999 _c1731034
_d1731034